000 00522nam a2200181Ia 4500
003 OSt
005 20240401102749.0
008 210210b1958 xxu||||| |||| 00| 0 eng d
040 _cAL
041 _akan
082 _a859/1855
100 _aSHARASHCHANDRA CHATARJI
_9156629
_dಶರಶ್ಚಂದ್ರ ಚಟರ್ಜಿ
245 _aShesha parichaya-1:
_bಶೇಷ ಪರಿಚಯ-೧
260 _aBengaluru
_bNetravati Prakashana
_c1958
690 _aKannada Fiction
_9156630
906 _a022573
942 _2ddc
_cBK
999 _c147021
_d147021